00318nam a2200097Ia 4500001000800000005001700008008004100025020001800066245011700084260001900201127224220260417151424.0260417s9999 xx 000 0 und d a9786258486483 0aDevasa Deniz Hayvanlarının Büyük Kitabı & Minik Deniz Hayvanlarının Küçük KitabıcCristina Banfi bKetebe Çocuk